000 00628pam a2200217 i 4500
001 831793
005 20180314050504.0
008 771005s1977 nyua 001 0 eng
010 _a 77020255
020 _a007050203X :
_c$5.95
040 _aDLC
_cDLC
_dDLC
041 _aeng
080 _a621.4022 don
082 0 0 _a621.4022 don
100 1 _a27
101 _amec
245 1 0 _aSchaum's outline of theory and problems of heat transfer /
_cby Donald R. Pitts and Leighton E. Sissom.
740 _aTheory and problems of heat transfer.
906 _a7
_bcbc
_corignew
_d1
_eocip
_f19
_gy-gencatlg
942 _2ddc
_cBK
999 _c44969
_d44969